000 00340nam a2200145Ia 4500
008 230917s9999||||xx |||||||||||||| ||und||
040 _e58777
_aMAIN
041 _aEnglish
082 _a823.8 D772W
100 _aDoyle, Arthur Conan
245 0 _aWhite company
260 _aLondon
_bJohn Murray
_c1962
300 _a437 p.
942 _cBK
999 _c188431
_d188431